Stolice europy w 2 minuty - Statystyki

Ogólne statystyki
  • Ten quiz został rozwiązany 158 razy
  • Średni wynik to 32 z 45
Statystyki odpowiedzi
Państwo Stolica % Poprawnych
Polska Warszawa
92%
Czechy Praga
89%
Hiszpania Madryt
88%
Bialoruś Mińsk
88%
Francja Paryż
88%
Austria Wiedeń
88%
Chorwacja Zagrzeb
88%
Dania Kopenhaga
87%
Niemcy Berlin
86%
Holandia Amsterdam
85%
Grecja Ateny
85%
Belgia Bruksela
84%
Andora Andora
83%
Finlandia Helsinki
83%
Rosja Moskwa
83%
Bułgaria Sofia
82%
Irlandia Dublin
81%
Norwegia Oslo
81%
Albania Tirana
79%
Łotwa Ryga
78%
Litwa Wilno
78%
Estonia Tallinn
77%
Portugalia Lizbona
75%
Monako Monako
74%
Luksemburg Luksemburg
73%
Bośnia i Hercegowina Sarajewo
73%
Islandia Reykjavik
67%
San marino San marino
65%
Słowacja Bratysława
64%
Rumunia Bukareszt
63%
Liechtenstein Vaduz
62%
Malta Valetta
62%
Ukraina Kijów
59%
Włochy Rzym
58%
Wielka brytania Londyn
57%
Szwecja Sztokholm
57%
Watykan Watykan
56%
Mołdawia Kiszyniów
55%
Czarnogóra Podgorica
55%
Macedonia Skopje
55%
Szwajcaria Berno
53%
Węgry Budapeszt
50%
Serbia Belgrad
49%
Słowenia Lublana
45%
Turcja Ankara
36%
Nie znaleziono quizów pasujących do podanych kryteriów
Rozkład punktacji
Procent ludzi z każdym wynikiem
Percentyl według liczby udzielonych odpowiedzi
Twoja historia wyników
Nie rozwiązałeś tego quizu